000 00763nam a2200217Ia 4500
003 GCL
005 20240530101927.0
008 140319s9999 xx 000 0 ara d
040 _aGCL /
_cGCL
082 0 4 _a962.048
_bق/ع ث
100 1 _aعاصم الدسوقى
245 1 0 _aثورة 1919 فى الاقاليم :
_bمن الوثائق البريطانية /
_cعاصم الدسوقى
250 _aط1
260 _aالقاهرة :
_bدار الكتاب الجامعى ،
_c1981
300 _a150 ص :
_b24 سم
650 0 4 _aالاحتلال البريطانى
650 0 4 _aمصر - الاحوال السياسية
650 0 4 _aمصر - تاريخ - العصر الحديث - ثورة 1919
700 _aعاصم الدسوقى
942 _2ddc
_cBK
999 _c28775
_d28775